Golden temple (Record no. 1464997)

MARC details
000 -LEADER
fixed length control field 00397nam a22001697a 4500
005 - DATE AND TIME OF LATEST TRANSACTION
control field 20251023104911.0
008 - FIXED-LENGTH DATA ELEMENTS--GENERAL INFORMATION
fixed length control field 251023b |||||||| |||| 00| 0 eng d
037 ## - SOURCE OF ACQUISITION
Terms of availability TB
040 ## - CATALOGING SOURCE
Original cataloging agency AL
Transcribing agency AL
041 ## - LANGUAGE CODE
Source of code ENG
Language code of text/sound track or separate title ENG
084 ## - COLON CLASSIFICATION NUMBER
Item number AL
245 ## - TITLE STATEMENT
Title Golden temple
300 ## - PHYSICAL DESCRIPTION
Extent 50p.
365 ## - TRADE PRICE
Price amount 95.00
Currency code INR
942 ## - ADDED ENTRY ELEMENTS (KOHA)
Source of classification or shelving scheme Colon Classification (CC)
Koha item type Textbook
Suppress in OPAC No
Holdings
Withdrawn status Lost status Source of classification or shelving scheme Damaged status Not for loan Home library Current library Date acquired Source of acquisition Cost, normal purchase price Inventory number Total Checkouts Barcode Date last seen Price effective from Koha item type
    Colon Classification (CC)     Arts Library Arts Library 2025-10-23 EBL 95.00 47 & 09.05.1995   AL1129041 2025-10-23 2025-10-23 Textbook
Copyright @ Delhi University Library System